Don Diego Portales: juicio histórico 1861

Salvato in:
Dettagli Bibliografici
Autore principale: Lastarria, José Victorino (Autore)
Natura: Libro
Lingua:spagnolo
Pubblicazione: Valparaíso, Chile Chilena 1933
Soggetti:
Tags: Aggiungi Tag
Nessun Tag, puoi essere il primo ad aggiungerne!!

MARC

LEADER 00000nam a2200000 a 4500
001 UCP9785
003 CL-VaPUC
005 20220402074434.0
008 000407e19330000CL |||||||||||||||||spa|d
100 |a Lastarria, José Victorino  |e author  |9 312043 
999 |c 286569  |d 286567 
040 |c Pontificia Universidad Católica de Valparaíso 
082 0 4 |a 923.2 LAS 1933  |2 21 
245 1 0 |a Don Diego Portales:  |b  juicio histórico 1861 
260 |a Valparaíso, Chile  |b Chilena  |c 1933 
300 |a 105 páginas 
583 |a last modification  |c 20160913 03:56:46  |k Rodrigo Vera 
600 0 |a Portales y Palazuelos, Diego,  |d 1793-1837  |9 255516 
650 7 |a FILOSOFIA POLITICA  |2 CL-VaPUC  |9 440608  |z CHILE 
650 0 |a Historia de Chile  |9 265473 
852 |a BIBCUR 
942 |c BK  |2 ddc 
945 |d 20000407 00:00:00  |a lriquelm 
952 |0 0  |1 0  |2 ddc  |4 0  |6 923_200000000000000_LAS_1933  |7 0  |8 X  |9 332570  |a BIBHIS  |b BIBHIS  |d 2019-11-20  |i 1254812  |o 923.2 LAS 1933  |p 1254812  |r 2024-01-30  |t 1  |w 2019-11-20  |y BK_X  |k HIS